| 000 | 00705 a2200181 4500 | ||
|---|---|---|---|
| 020 | _a0201854694 | ||
| 020 | _a9780201854695 | ||
| 082 | _a686.225445369 | ||
| 090 |
_c1297 _d1297 |
||
| 100 | 1 | _aGoossens, Michel. | |
| 245 | 1 | 4 |
_aThe latex graphics companion : _billustrating documents with tex and postscript(R) / _cMichel Goossens, Sebastian Rahtz, Frank Mittelbach. |
| 260 |
_a[S.l.] : _bAddison-Wesley Professional, _c1997. |
||
| 300 |
_a608 p. ; _c24 cm. |
||
| 700 | 1 | _aRahtz, Sebastian. | |
| 700 | 1 | _aMittelbach, Frank. | |
| 942 |
_aSNS _cBK _k686.225445369 GOO |
||
| 999 |
_c29910 _d29910 |
||